000 00748nam a2200181Ia 4500
008 090123s9999 xx 000 0 und d
082 _b4809
100 _aढवळे रामचंद्र सदाशिव
245 _aशेती व ग्रामिण जिवनाविषयक कायदे
250 _a1
260 _bगोळे
_c1977
300 _a175
600 _aढवळे रामचंद्र सदाशिव
630 _aशेती व ग्रामिण जिवनाविषयक कायदे
700 _aढवळे रामचंद्र सदाशिव
730 _aशेती व ग्रामिण जिवनाविषयक कायदे
942 _cBOOK
999 _c42884
_d42884